Quel Champion d'Arène dit ça après le combat d'Arène dans Pokémon ? - Statistiques

Statistiques générales
  • Ce quiz a été pris 17 fois
  • Le résultat moyen est 9 sur 16
Statistiques - réponses
Hint Réponse % Correct
Je viens à peine d'être nommée Championne, alors je me suis un peu enflammée... Adriane (Vermilava), dans Rubis Oméga et Saphir Alpha
93%
Ta force est grande... Plus encore que je ne l'avais prévu... Peut-être qu'il est impossible de prédire totalement l'avenir... Morgane (Safrania), dans Or Heartgold et Argent Soulsilver
93%
En tant que Champion, je ne peux exprimer mon désarroi... En tant que père, ça me rend à la fois heureux et un peu triste. Norman (Clémenti-Ville), dans Rubis et Saphir
93%
Waouaouah ! Waaaaah ! Sniff et re-sniff... T'es pas cool ! Blanche (Doublonville) dans Or et Argent
71%
Je me suis loupée en beauté sur mon dernier trick ! Cornélia (Yantreizh), dans X et Y
71%
Une nouvelle paroi se dresse devant moi... Et cette fois, c'est de toi qu'il s'agit. Lino (Relifac-le-Haut), dans X et Y
71%
Cette attaque peut mettre hors combat un Pokémon en un seul coup ! Je l'ai inventée il y a bien longtemps... Giovanni (Jadielle), dans Rouge et Bleu
64%
On dirait que j'ai coulé comme une pierre... Mais j'ai vraiment apprécié notre combat! Lovis (Verchamps), dans Diamant et Perle
64%
J'ai un peu la haine, mais bon, c'était pas un combat socialement formaté, on a pu se lâcher ! Tiens, c'est la preuve que tu m'as twisté la tête ! Strykna (Ondes-sur-Mer), dans Noir 2 et Blanc 2A
64%
Comment est-ce possible ? Mon père avait pourtant pris soin de ces Pokémon, et ils sont... Mais je reconnais ma défaite. Albert (Mauville), dans Or et Argent
57%
Si y a des Dresseurs ou des fantômes qui te cherchent des noises, appelle-moi, j'te filerai un coup de main contre ces nazes ! Laim (Frigao), dans Écarlate et Violet
57%
Je pensais avoir un esprit inébranlable, mais ce combat... m'a émue. Et ce n'est pas une mauvaise chose. Faiza (Old Chister), dans Épée et Bouclier
36%
Cette volonté et la manière noble dont tes Pokémon ont combattu pour toi... J'en ai eu des frissons pendant le combat. Tanguy (Rivamar), dans Diamant et Perle
29%
Se battre ne permet pas de comprendre la nature de la force. Mais tu trouveras des réponses. Je le sens... Zhu (Flocombe), dans Noir et
Blanc
14%
Cette ardeur qui brûle en toi t'aide à surmonter les obstacles et à prendre ton avenir en main... J'étais comme toi, il y a longtemps... Grusha (Mont Nappé), dans Écarlate et Violet
7%
J'aime rencontrer des Dresseurs comme toi, qui me font réaliser que j'ai encore des choses à apprendre ! Kabu (Motorby), dans Épée et Bouclier
7%
Aucun quiz correspondant
Distribution des résultats
% des personnes avec chaque résultat
Percentile par nombre de réponses
Votre historique - résultats
Vous n’avez pas pris ce quiz